000 01136cab a2200313 4500
001 ABS59657
008 090401t1998 xxu||||| |||| 00| 0 eng d
035 _a(Sirsi) u89757
041 _aeng
100 _aWilbourn, P.
245 _aPollution burden falls on councils
260 _c1998
350 _a0
490 _aPlanning (for the Natural and Built Environment)
_v(1294) 13 November 1998, 10(1)
520 _aComments on the DETR`s discussion draft of the proposal to put in place Part IIA of the Environmental Protection Act 1990, which implements the policing arrangements to ensure that contaminated land is cleared up. Discusses the ramifications both for local authorities and planning professionals.
650 _aCONTAMINATED LAND
650 _aENVIRONMENTAL PROTECTION ACT 1990 PART IIA
650 _aENVIRONMENTAL RISK
650 _aHARM
650 _aHOMEOWNERS
650 _aLAND VALUES
650 _aLOCAL AUTHORITIES
650 _aPLANNING PROCESS
650 _aPOLICING
650 _aPOLLUTION CONTROL
690 _aENVIRONMENTAL AND LAND CONSULTANCY
942 _n0
948 _c18/11/1998
999 _c56811
_d56811